Statistics for Now that's what i call Music 107!

Click here to take the quiz!

General Stats

  • This quiz has been taken 5 times
  • The average score is 20 of 43

Answer Stats

artistsong% Correct
Lady Gaga and Ariana GrandeRain on Me
100%
Conan GrayHeather
80%
Dua Lipa ft DaBabyLevitating
80%
Cardi B ft Mefan thee stallionWAP
80%
AshnikkoDaisy
60%
Sam Smith ( He )Diamonds
60%
Gary Barlow, Michael Buble and sebastian YatraElita
60%
Dermot KennedyGiants
60%
Sigala and James Arthurlasting lover
60%
Internet Money & gunna ft don tolliverLemonade
60%
Nathan dawe ft ksilighter
60%
Kylie MinogueMagic
60%
24kgoldn ft iann diorMood
60%
Billie eilishMy Future
60%
RayeNatalie Don't
60%
Keith Urban and pinkOne too Many
60%
Ariana GrandePositions
60%
Dababy and Roddy ricchROCKSTAR
60%
Little MixSweet Melody
60%
Jason DeruloTake you dancing
60%
Kygo and Tina turnerwhats love got to do with it
60%
Shawn MendesWonder
60%
tate McRaeyou Broke me first
60%
Rudimental ft anne mariecome over
40%
Paul Harvey and bbc philharmonicFour Notes
40%
Dua LipaHallucinate
40%
Becky Hill and SigalaHeaven on my mind
40%
Little mixHoliday
40%
Paul woolford & diplo & kareen lomaxlooking for me
40%
Marshmello and Demi Lovatook not to be ok
40%
Calvin Harris and The weekndOver now
40%
MEDUZA and Dermot KennedyParadise
40%
Ksi ft Craig david and Digital farm animalsreally love
40%
Clean Bandit, MabelTick Tock
40%
220 KID and JC Stewarttoo many nights
40%
Al Tracey and Mabelwest ten
40%
Jax Jones & Au/RAi miss you
0%
s1mba ft KSILoose
0%
Machine gun kelly & Blackbearmy Ex's best friend
0%
Maroon 5Nobody's love
0%
Wes Nelson & Hardy CaprioSee Nobody
0%
pop Smokewhat you know about love
0%
Topic. A7S & Lil Babywhy do you lie to me
0%

Score Distribution

Percentile by Number Answered

Percent of People with Each Score

Your Score History

You have not taken this quiz